The town or village green revived (Record no. 65741)

MARC details
000 -LEADER
fixed length control field 01370cam a2200229 4500
001 - CONTROL NUMBER
control field ABS63344
008 - FIXED-LENGTH DATA ELEMENTS--GENERAL INFORMATION
fixed length control field 000000n2000 000 0 eng u
035 ## - SYSTEM CONTROL NUMBER
System control number (Sirsi) u110241
100 ## - MAIN ENTRY--PERSONAL NAME
Personal name Thomas, N
245 #4 - TITLE STATEMENT
Title The town or village green revived
260 ## - PUBLICATION, DISTRIBUTION, ETC.
Date of publication, distribution, etc. 2000
490 ## - SERIES STATEMENT
Series statement New Law Journal
Volume/sequential designation 150(6964) 15 December 2000, 1946-1848(2)
520 ## - SUMMARY, ETC.
Summary, etc. Considers the implication of "R v Oxfordshire CC ex parte Sunningwell Parish Council" on village greens. Village greens are now a source of of difficulty for land developers as they search for suitable building land in response to the high demand for new housing in the 1990s. Communities have discovered the Commons Registration Act 1965 s13(b) which allows the registration of 'any land [which] becomes ... a town or village green'. It is now becoming difficult for a developer to tell if the land is a new village green. The advice given to prospective buyers is to be aware of the dangers of buying open and apparently unused land and even to observe the uses to which it is put before approaching to buy.
590 ## - LOCAL NOTE (RLIN)
Local note ABS
650 ## - SUBJECT ADDED ENTRY--TOPICAL TERM
Topical term or geographic name entry element VILLAGE GREENS
650 ## - SUBJECT ADDED ENTRY--TOPICAL TERM
Topical term or geographic name entry element COMMON LAND
650 ## - SUBJECT ADDED ENTRY--TOPICAL TERM
Topical term or geographic name entry element R V OXFORDSHIRE CC AND ANOTHER EX P SUNNINGWELL PARISH COUNCIL
650 ## - SUBJECT ADDED ENTRY--TOPICAL TERM
Topical term or geographic name entry element COMMONS REGISTRATION ACT 1965 S13(B)
650 ## - SUBJECT ADDED ENTRY--TOPICAL TERM
Topical term or geographic name entry element HOUSING DEVELOPMENT
690 ## - LOCAL SUBJECT ADDED ENTRY--TOPICAL TERM (OCLC, RLIN)
Topical term or geographic name as entry element PROPERTY AND LAND LAW-CASE LAW
942 ## - ADDED ENTRY ELEMENTS (KOHA)
Suppress in OPAC 0
Holdings
Withdrawn status Lost status Source of classification or shelving scheme Damaged status Not for loan Home library Current library Shelving location Date acquired Total Checkouts Full call number Barcode Date last seen Copy number Price effective from Koha item type
    Dewey Decimal Classification     London London Journal article 09/01/2001   ABS63344 110241-1001 06/08/2019 1 06/08/2019 Journal article